Statistiques concernant Quiz sur la Seine-Maritime

Cliquez ici pour prendre le quiz!

Statistiques générales

  • Ce quiz a été pris 3 163 fois
  • Le résultat moyen est 14 sur 20

Statistiques - réponses

QuestionRéponse% Correct
Région à laquelle il appartientNormandie
97%
Mer qui le borde au nord et à l'ouestManche
96%
Préfecture et deuxième plus grande villeRouen
94%
Numéro du département76
93%
Personnage historique qui fut condamné au bûcher dans cette ville en 1431Jeanne d'Arc
93%
Ville la plus peuplée, qui n'est que sous-préfectureLe Havre
92%
Maire actuel de cette ville, qui fut également Premier MinistreÉdouard Philippe
79%
On y trouve la quatrième plus haute ____ du monde,
après celles d'Ulm, de Yamoussoukro et de Cologne
Église
75%
Contemporain de celui-ci qui a écrit Bel-Ami, Boule de Suif et Le HorlaGuy de Maupassant
69%
Acteur et humoriste né à Prétot-Vicquemare qui a partagé
l'affiche avec Louis de Funès pour La Grande Vadrouille
Bourvil
63%
Judoka français qui fut quatre fois champion du monde, puis ministreDavid Douillet
62%
Écrivain notamment connu pour Madame Bovary ou Bouvard et PécuchetGustave Flaubert
60%
Footballeur né dans cette commune qui a marqué lors de la finale 1998
le millième but de l'histoire de la sélection masculine française
Emmanuel Petit
59%
Seule autre sous-préfecture, qui est une station balnéaireDieppe
56%
Roi qui a officiellement fondé celle-ci, en 1517François Ier
55%
Pont suspendu de 1 420 m dont le nom est associé aux étendoirsPont de {Tancarville}
55%
Président de la Quatrième République qui est né en Seine-MaritimeRené Coty
46%
Région naturelle qui recouvre la moitié occidentale de la Seine-MaritimePays de {Caux}
44%
Ancien nom du département, jusqu'en 1955Seine-Inférieure
34%
Ancien premier ministre français qui s'est suicidé peu après sa démissionPierre Bérégovoy
32%

Distribution des résultats

Percentile par nombre de réponses

% des personnes avec chaque résultat

Votre développement - résultats

Vous n’avez pas pris ce quiz